| 000 | 00000nam##2200000za#4500 |
| 001 | 9.568567 |
| 003 | CaOODSP |
| 005 | 20240215150447 |
| 007 | cr ||||||||||| |
| 008 | 150406|2007||||xxc|||||o f|0| 0 eng|d |
| 040 | |aCaOODSP|beng |
| 043 | |an-cn--- |
| 086 | 1 |aPS83-3/192E-PDF |
| 110 | 2 |aCorrectional Service Canada. |
| 245 | 10|aRates of recidivism for women offenders / |h[electronic resource]|c[by] Renée Gobeil & Meredith Robeson Barrett. |
| 260 | |bCorrectional Service Canada |cSeptember 2007. |
| 300 | |a27p.|breferences, tables |
| 490 | 1 |aResearch report|vR-192 |
| 590 | |a11-01-Supp|b2011-01-11 |
| 720 | 1 |aGobeil, Renée |
| 720 | 1 |aBarrett, Meredith Robeson |
| 775 | 08|tTaux de récidive des délinquantes / |w(CaOODSP)9.599841 |
| 830 | #0|aResearch report (Correctional Service Canada. Research Branch)|vR-192|w(CaOODSP)9.506063 |
| 856 | 40|ahttp://publications.gc.ca|qPDF|s209 KB|uhttps://publications.gc.ca/collections/collection_2010/scc-csc/PS83-3-192-eng.pdf|yR-192 |